00488 2200181 4500001002100000005001500021035002000036007000300056008004100059082001000100084001600110100002000126245005000146260003200196020002200228300002600250650003000276INLIS00000000000135720190708034029 a0010-0619000029ta190708 e 0 ind  a005.1 a005.1 VIN s0 aVini Indriasari1 asistem informasi geografis /cVini Indriasari aYogyakarta :bMobius,c2018 a978-602-5874-05-5 axx, 238 :bilus ;c24 aSistem informasi geografi